| 000 | 02186cam a22004934i 4500 | ||
|---|---|---|---|
| 003 | PE-LiUPU | ||
| 005 | 20250731173102.0 | ||
| 008 | 150623s2000 miu r 000 0 esp d | ||
| 020 | _a0830815805 | ||
| 035 | _a(Sirsi) i9780830815807 | ||
| 040 |
_aPE-LiUPU _bspa _cPE-LiUPU _erda |
||
| 049 | _aPRUA | ||
| 082 | 0 | 4 |
_a215 _bR25 _221 |
| 100 | 1 |
_aRatzsch, Delvin Lee, _eautor. |
|
| 245 | 1 | 0 |
_aScience & its limits: the natural sciences in christian perspective / _cDelvin Lee Ratzsch. |
| 264 | 1 |
_aDowners Grove, Illinois : _bInterVarsity Press, _c2000. |
|
| 300 |
_a191 páginas ; _c21 centímetros |
||
| 336 |
_atext _2rdacontent |
||
| 337 |
_aunmediated _2rdamedia |
||
| 338 |
_avolume _2rdacarrier |
||
| 504 | _aIncluye bibliografía. | ||
| 505 | 0 | _aScience: Whta is it? -- The traditional conception of Science -- Philosophy of science in the 1960 & 1970s -- The contemporary situation -- The competence of science -- The limitations of science -- "Scientific" challenges to religious belief -- Design & science -- Christianity & scientific Pursuits -- Christianity & the specific content of science a typology. | |
| 526 | _aSEG42 | ||
| 526 | _aSEG41 | ||
| 526 | _aSEG40 | ||
| 526 | _aSEG39 | ||
| 526 | _aP94 | ||
| 526 | _aP87 | ||
| 526 | _aP86 | ||
| 526 | _aP85 | ||
| 526 | _aP77 | ||
| 526 | _aP76 | ||
| 526 | _aP35 | ||
| 650 | 0 | 4 | _aReligión y ciencia. |
| 942 |
_2ddc _cBOOK |
||
| 949 |
_a215 R25 _wDEWEY _c1 _i48975 _lCCODEBUL1 _mBUL _r0 _sY _tBOOK _u2015-6-24 _xTEOLOGIA _PP35 _0COMPRA _o.STAFF. Colección Teología |
||
| 949 |
_a215 R25 _wDEWEY _c2 _i48974 _d2016-10-16 _e2016-10-13 _lCCODEBUL1 _mBUL _n1 _r0 _sY _tBOOK _u2015-6-24 _xTEOLOGIA _PP35 _0COMPRA _o.STAFF. Colección Teología |
||
| 994 |
_aC0 _bPEPRU |
||
| 596 | _a1 | ||
| 999 |
_a215 R25 _wDEWEY _c28111 _i48975 _f2021-11-9 _g5 _lCCODEBUL1 _mBUL _r0 _sY _tBOOK _u2015-6-24 _xTEOLOGIA _PP35 _0COMPRA _o.STAFF. Colección General _d28111 |
||
| 999 |
_a215 R25 _wDEWEY _c2 _i48974 _d2019-8-26 _e2016-10-13 _f2021-11-9 _g5 _lCCODEBUL1 _mBUL _n1 _p30.00 _q1 _r0 _sY _tBOOK _u2015-6-24 _xTEOLOGIA _PP35 _0COMPRA _o.STAFF. Colección Teología |
||
| 980 |
_81 _gALBERTO SANCHEZ Responsable de Automatización |
||